| 000 | 00307nam a22001217a 4500 | ||
|---|---|---|---|
| 999 |
_c23109 _d23109 |
||
| 003 | NUST | ||
| 005 | 20171010172612.0 | ||
| 008 | 150521b xxu||||| |||| 00| 0 eng d | ||
| 020 | _a8178084570 | ||
| 040 | _cRCMS | ||
| 082 | _a621.382FLO | ||
| 100 |
_aFlood J.E. _95328 |
||
| 245 |
_aTeloecommunications Switching, Traffic and Networks _cFlood J.E |
||
| 260 |
_aIndia _bPEARSON _cC,1999 |
||
| 300 |
_axviii,310,p: _bPaperback _c22,cm. |
||
| 538 | _iShelf No 2 Row No 1 | ||
| 650 |
_aTelecommunication _9238 |
||
| 856 | _3Table of Content Only | ||
| 942 |
_cBK _2ddc |
||